| 000 | 00435nam a22001337a 4500 | ||
|---|---|---|---|
| 020 | _qHB. | ||
| 040 | _cFIZZA ISHAQ | ||
| 082 |
_a620.0042 _bKAY |
||
| 100 |
_aKAYANI, SAHEEB AHMED. _9129958 |
||
| 245 |
_a A brief history of engineering design : from ancient innovations to modern solutions / _cSAHEEB AHMED KAYANI. |
||
| 260 |
_a PAKISTAN: _bEmel Publications Islamabad, _c2025. |
||
| 300 |
_a138 P. ; _c22 X 14.5 cm |
||
| 942 |
_2ddc _cBK |
||
| 999 |
_c615609 _d615609 |
||